Les voisins du Groland sur une carte - Statistiques

Statistiques générales
  • Ce quiz a été pris 55 fois
  • Le résultat moyen est 8 sur 25
Réponses sur la Carte
Les réponses sont colorées sur une échelle allant du rouge au vert en fonction du pourcentage des utilisateurs qui les ont devinées à leur premier essai. Vous pouvez retrouver ces pourcentages ci-dessous.
 
Statistiques - réponses
Pays % Correct
France
98%
U.S.A.
67%
Canada
60%
Chine
60%
Grande-Bretagne
58%
Australie
52%
Japon
50%
Inde
40%
Suède
38%
Irlande
35%
Corée
31%
Maroc
27%
Pologne
27%
Afrique
25%
Monaco
23%
Grèce
17%
Antarctique
10%
Arctique
10%
Laos
10%
Serbie
10%
Angoulême
8%
Ex-U.R.S.S.
8%
Burkina Faso
4%
Divers
4%
Vélizy
2%
Aucun quiz correspondant
Distribution des résultats
% des personnes avec chaque résultat
Percentile par nombre de réponses
Votre historique - résultats
Vous n’avez pas pris ce quiz